Bilecik Bilecik Bilecik Bilecik Bilecik

Sermayenin tarihsel diyalektiği ve Marx'ın toplumsal sermaye teorisi/ (Record no. 43139)

MARC details
000 -BAŞLIK
Sabit Uzunluktaki Kontrol Alanı 01387nam a22003977a 4500
001 - KONTROL NUMARASI
Control Dosyası 0043318
003 - KONTROL NUMARASI KİMLİĞİ
Kontrol Alanı KOHA_MİRAKIL
005 - EN SON İŞLEM TARİHİ ve ZAMANI
Kontrol Alanı 20260207003344.0
007 - FİZİKSEL TANIM SABİT ALAN - GENEL BİLGİ
Sabit uzunluklu kontrol alanı ta
008 - SABİT UZUNLUKTAKİ VERİ ÖGELERİ - GENEL BİLGİ
Sabit Alan 130730b2012 tu |||gr||||#||||0|tur |
020 ## - ISBN - ULUSLARARASI STANDART KİTAP NUMARASI
Isbn 9786054511587
040 ## - KATALOGLAMA KAYNAĞI
Özgün Kataloglama Kurumu TR-BiSEU
Kataloglama Dili tur
Çeviri Kurumu TR-BiSEU
Açıklama Kuralları rda
041 0# - DİL KODU
Metin ya da ses kaydının dil kodu tur
044 ## - YAYINLAYAN/ÜRETEN KURULUŞUN ÜLKE KODU
ISO country code tu
050 ## - SINIFLAMA ve YER NUMARASI
Sınıflama Numarası HB97.5
Yer Numarası .T66 2012
100 1# - KİŞİ ADI
Yazar Adı (Kişi adı) Tongyu, Zhang.
245 1# - ESER ADI BİLDİRİMİ
Başlık Sermayenin tarihsel diyalektiği ve Marx'ın toplumsal sermaye teorisi/
Sorumluluk Bildirimi Zhang Tongyu ; Zhang Tongyu ; Ding Weimin ; editör Cem Kızılçeç ; çeviren Ece Üçoluk, Aylin Muhaddisoğlu.
264 #1 - ÜRERİM, YAYIN, DAĞITIM ve TELİF BİLDİRİMİ
Yayın yeri İstanbul :
Yayınlayan Kalkedon Yayınları
Yayın tarihi 2012
300 ## - FİZİKSEL TANIMLAMA
Sayfa, Cilt vb. 428 sayfa ;
Boyutları 25 cm
336 ## - İÇERİK TÜRÜ
Content type term metin
Content type code txt
Source rdacontent
337 ## - MEDYA TÜRÜ
Media type term aracısız
Media type code n
Source rdamedia
338 ## - TAŞIYICI TÜRÜ
Carrier type term cilt
Carrier type code nc
Source rdacarrier
490 1# - DİZİ BİLDİRİMİ
Dizi Bildirimi Kalkedon Yayınları ;
Cilt Numarası 219.
490 1# - DİZİ BİLDİRİMİ
Dizi Bildirimi Dünya Solu-Marksist Felsefe dizisi ;
Cilt Numarası 8
500 ## - GENEL NOT
Genel Not Kaynakça var.
500 ## - GENEL NOT
Genel Not Özgün yapıt adı: The New Stage of Capitalism a Marxist Update on Its Evolution
650 #0 - KONU BAŞLIĞI EK GİRİŞ - KONU TERİMİ
Konusal terim veya coğrafi ad Marksist ekonomi.
9 (RLIN) 79240
650 #0 - KONU BAŞLIĞI EK GİRİŞ - KONU TERİMİ
Konusal terim veya coğrafi ad Sosyalizm.
9 (RLIN) 11189
650 #0 - KONU BAŞLIĞI EK GİRİŞ - KONU TERİMİ
Konusal terim veya coğrafi ad Kapitalizm.
9 (RLIN) 4771
650 #0 - KONU BAŞLIĞI EK GİRİŞ - KONU TERİMİ
Konusal terim veya coğrafi ad Marxian economics.
9 (RLIN) 9454
650 #0 - KONU BAŞLIĞI EK GİRİŞ - KONU TERİMİ
Konusal terim veya coğrafi ad Socialism.
9 (RLIN) 9051
650 #0 - KONU BAŞLIĞI EK GİRİŞ - KONU TERİMİ
Konusal terim veya coğrafi ad Capitalism.
9 (RLIN) 5414
830 1# - SERİ EK GİRİŞİ - TEKBİÇİM ESER ADI
Tekbiçim Başlık Kalkedon Yayınları ;
Volume number/sequential designation 219.
9 (RLIN) 62774
830 1# - SERİ EK GİRİŞİ - TEKBİÇİM ESER ADI
Tekbiçim Başlık Dünya Solu-Marksist Felsefe dizisi ;
Volume number/sequential designation 8
9 (RLIN) 80722
942 ## - EK GİRİŞ ÖGELERİ (KOHA)
Source of classification or shelving scheme Library of Congress Classification
Koha item type Book
Holdings
Materyal Türü Kalıcı Konum Mevcut Konum Raf Yeri Sınıflandırma Kaynağı Edinim Bilgisi Ana Konular Alt Konular Yer Numarası Demirbaş Numarası Fatura Tarihi Maliyet, Alış Fiyatı Maliyet, Yenileme Fiyatı Geri Çekilme Durumu Kayıp Durumu Hasarlı Durumu Kredi için değil Kayıt Tarih Toplam Ödünçverme Son Görülme Tarihi Son Kontrol Tarihi Satın Alma Notu
Book Prof. Dr. Azmi Özcan Kütüphanesi Prof. Dr. Azmi Özcan Kütüphanesi Uluğbey Salonu Library of Congress Classification Satın SOSYAL BİLİMLER Ekonomi Teorisi, Demografi HB97.5 .T66 2012 0043318 24/09/2013 19.32 19.32         30/07/2013   05/12/2024 05/12/2024 73291-73383 (92 sayfa)